| 000 | 00825nam a22001817a 4500 | ||
|---|---|---|---|
| 010 | _aHIN-116276 HIN-125737 | ||
| 020 |
_c595.00 _a8170434068 |
||
| 035 | _aHN-88622 HN-98083 | ||
| 037 | _bDBAD/PUB | ||
| 082 | _a305.4 | ||
| 100 |
_aचौहान,लालबहादुर सिंह _955693 |
||
| 245 |
_aभारत की गरिमामयी नारियाँ / _cलालबहादुर सिंह चौहान |
||
| 246 | _aBharat Ke Garimamaye Nariyan / | ||
| 260 |
_aदिल्ली _bआत्माराम एण्ड संस _c2017 |
||
| 270 |
_a1376,कश्मीरी गेट, _bदिल्ली _k011-2394466 _e110006 _matmaram-books@hotmail.com |
||
| 300 |
_a260पृ. _c21सेमी(सजिल्द) |
||
| 942 |
_2ddc _cHN _h305.4 _mचौहान |
||
| 999 |
_c165156 _d165156 |
||